00689nam a22002177a 4500003000500000005001700005008004100022010001000063011001000073035001000083040000900093082002100102111011600123245001600239260006400255300001600319490004100335500002900376650002500405830004100430CHAP20220329135818.0971013s1993 r 10010 d a42644 a43616 a47752 cCHAP a634.94bI58 199200aInternational Conference on Forest Vegetation Management Ecology, Practices and Policy (d1992c: Auburn, Ala.) aProceedings aAuburn, Ala. :bAuburn University School of Forestry,c1993 av.b: ilus. aSchool of Forestry reportv; 1993: 1 aLa biblioteca tiene: v.214aEcología forestal.0 aSchool of Forestry reportv; 1993: 1